El tiempo vivido : acerca de "estar" / [por] Ramón Xirau

Salvato in:
Dettagli Bibliografici
Autore principale: Xirau, Ramón (autor)
Natura: Libro
Soggetti:
Tags: Aggiungi Tag
Nessun Tag, puoi essere il primo ad aggiungerne!!

MARC

LEADER 00000nam^a2200000^u^4500
001 000544351
005 20250521000000.0
008 060220s1000^^^^^^^^^^^^r^^^^^000^0^spa^d
009 20260310131326.795
035 |a FMI 000013507 
037 |a Acervo Xavier Clavigero 
096 |a 6.7/68/B 
100 |a Xirau, Ramón  |e (autor) 
245 1 3 |a El tiempo vivido : acerca de "estar" / [por] Ramón Xirau 
264 |a México : Siglo XXI, 1985 
300 |a 117 p. 
336 |a texto  |b txt  |2 rdacontenido 
337 |a sin mediación  |b n  |2 rdamedio 
338 |a volumen  |b nc  |2 rdasoporte 
649 |a XX 
650 |a Historia de la filosofía 
910 |a Fondo Francisco Migoya Covarrubias S.J. 
920 |a Impresos - Libros 
930 |a Fondos Especiales 
905 |a 134 
901 |a SBC10026  |b IT2  |c ESP  |u 20250521 
902 |a https://opac.biblio.iteso.mx/vufind/Record/000544351